Central Library OPAC University of Rajshahi

ইসলামি বাংলা সাহিত্য / (Record no. 53498)

MARC details
000 -LEADER
fixed length control field 00906nam a2200229 a 4500
001 - CONTROL NUMBER
control field 53498
003 - CONTROL NUMBER IDENTIFIER
rucl marc code BD-RjUL
005 - DATE AND TIME OF LATEST TRANSACTION
control field 20211209075954.0
008 - FIXED-LENGTH DATA ELEMENTS--GENERAL INFORMATION
fixed length control field 161016s1951 ii ||||| |||| 00| 0 ben d
020 ## - INTERNATIONAL STANDARD BOOK NUMBER
Terms of availability : IRs 5.00
035 ## - SYSTEM CONTROL NUMBER
System control number (BD-RjUL)53619
040 ## - CATALOGING SOURCE
Original cataloging agency BD-RjUL
Language of cataloging ben
Transcribing agency BD-RjUL
041 ## - LANGUAGE CODE
Language code of text/sound track or separate title ben
082 ## - DEWEY DECIMAL CLASSIFICATION NUMBER
Edition number 23
Classification number 891.4409
Author mark and year SEI 1951
100 ## - MAIN ENTRY--PERSONAL NAME
Personal name সেন, সুকুমার
9 (RLIN) 159923
245 10 - TITLE STATEMENT
Title ইসলামি বাংলা সাহিত্য /
Statement of responsibility, etc. সুকুমার সেন
260 ## - PUBLICATION, DISTRIBUTION, ETC. (IMPRINT)
Place of publication, distribution, etc. কলিকাতা :
Name of publisher, distributor, etc. বর্দ্ধমান সাহিত্যসভা,
Date of publication, distribution, etc. ১৯৫১ [১৩৫৮]
300 ## - PHYSICAL DESCRIPTION
Pagination [৬], ১৯৫ পৃ. ;
Size ২১ সেমি.
650 ## - SUBJECT ADDED ENTRY--TOPICAL TERM
Topical term or geographic name as entry element বাংলা সাহিত্য
General subdivision ইতিহাস ও সমালোচনা
9 (RLIN) 159924
Topical term or geographic name as entry element Bengali Literature
General subdivision History & Criticism
9 (RLIN) 159925
942 ## - ADDED ENTRY ELEMENTS (KOHA)
Source of classification or shelving scheme Dewey Decimal Classification
Koha item type Books
Holdings
Lost status Source of classification or shelving scheme Damaged status Not for loan Collection code Permanent Location Current Location Shelving location Date acquired Source of acquisition Cost, normal purchase price Total Checkouts Full call number Date last seen Copy number Koha item type
  Dewey Decimal Classification     Non-fiction Central Library, University of Rajshahi Central Library, University of Rajshahi   14/01/1965 Ideal library 5.62   B 891.4409 SEI 1951 16/10/2016 C-2 Books
  Dewey Decimal Classification     Non-fiction Central Library, University of Rajshahi Central Library, University of Rajshahi   28/11/1956 Warsi Book Corporatin 5.10   B 891.4409 SEI 1951 06/11/2016 C-3 Books
  Dewey Decimal Classification     Non-fiction Central Library, University of Rajshahi Central Library, University of Rajshahi   14/01/1965 Dhaka, Ideal library 16.87   B 891.4409 SEI 1951 28/11/2016 C-4 Books
  Dewey Decimal Classification     Non-fiction Central Library, University of Rajshahi Central Library, University of Rajshahi   06/03/1965 Ahunallah library 6.25   B 891.4409 SEI 1951 29/11/2016 C-5 Books
  Dewey Decimal Classification   Not For Loan Non-fiction Central Library, University of Rajshahi Central Library, University of Rajshahi Reading Room 14/01/1965 Ideal library 5.60   B 891.4409 SEI 1951 06/10/2018 C-1 Books
  Dewey Decimal Classification     Non-fiction Central Library, University of Rajshahi Central Library, University of Rajshahi General Stacks 13/10/2025       B 891.4409 SEI 1951 13/10/2025 C-6 Books